000 00723nam a22002177a 4500
003 UA-OsUOA
001 66031
007 ta
008 20091217b un ||||| |||| 00| 0 ukr d
100 _aСтепула Н.
090 _a81
_bС79
942 _cSA
040 _aUA-OsUOA
_bukr
_cUA-OsUOA
_dUA-OsUOA
245 _aStatus quo української мови: державність як ілюзія
300 _aС.1
955 _a0
041 _aukr
080 _a81
773 0 _w66030
_tВідродження. За європейський вибір України
_dЧернівці
_d2009
_g46
650 7 _a8 Мовознавство. Художня література. Літературознавство
_2UDC
999 _c351803
_d351803